The weird world of William Shakespeare / (Record no. 2667)
[ view plain ]
| 000 -LEADER | |
|---|---|
| fixed length control field | 01039nam a22002297a 4500 |
| 005 - DATE AND TIME OF LATEST TRANSACTION | |
| control field | 20240111134226.0 |
| 020 ## - INTERNATIONAL STANDARD BOOK NUMBER | |
| International Standard Book Number | 9781407138930 |
| 040 ## - CATALOGING SOURCE | |
| Original cataloging agency | FISKH |
| Language of cataloging | eng |
| Transcribing agency | FISKH |
| Modifying agency | FISKH |
| 082 ## - DEWEY DECIMAL CLASSIFICATION NUMBER | |
| Classification number | 822.33 |
| 100 ## - MAIN ENTRY--PERSONAL NAME | |
| Personal name | Donkin, Andrew |
| 245 ## - TITLE STATEMENT | |
| Title | The weird world of William Shakespeare / |
| Statement of responsibility, etc. | Andrew Donkin ; Illustrated by Clive Goddard |
| 250 ## - EDITION STATEMENT | |
| Edition statement | This edition published 2014 |
| 260 ## - PUBLICATION, DISTRIBUTION, ETC. | |
| Place of publication, distribution, etc. | London : |
| Name of publisher, distributor, etc. | Scholastic, |
| Date of publication, distribution, etc. | 2004 |
| 300 ## - PHYSICAL DESCRIPTION | |
| Extent | 176 pages : |
| Other physical details | illustrations ; |
| Dimensions | 20cm. |
| 505 ## - FORMATTED CONTENTS NOTE | |
| Formatted contents note | R |
| 520 ## - SUMMARY, ETC. | |
| Summary, etc. | Everyone knows that William Shakespeare is famous for having a way with words and creating characters like romantic Romeo and murderous Macbeth. But in this book, readers can find out everything they didn't know, including how he did a seven-year vanishing act and how he nearly had his head chopped off by Queen Elizabeth I! Everything readers ever wanted to know about the man with the quill pen. |
| 521 ## - TARGET AUDIENCE NOTE | |
| Target audience note | 800 |
| Source | Lexile estimate |
| 521 ## - TARGET AUDIENCE NOTE | |
| Target audience note | R |
| Source | Raz-Plus |
| 700 ## - ADDED ENTRY--PERSONAL NAME | |
| Personal name | Goddard, Clive |
| Relator term | Illustrator |
| 942 ## - ADDED ENTRY ELEMENTS (KOHA) | |
| Source of classification or shelving scheme | Dewey Decimal Classification |
| Koha item type | Books |
| Suppress in OPAC | No |
| 999 ## - | |
| -- | 2667 |
| -- | 2667 |
| Withdrawn status | Lost status | Source of classification or shelving scheme | Damaged status | Not for loan | Collection | Home library | Current library | Shelving location | Date acquired | Total Checkouts | Full call number | Barcode | Date last seen | Copy number | Price effective from | Koha item type |
|---|---|---|---|---|---|---|---|---|---|---|---|---|---|---|---|---|
| Dewey Decimal Classification | Fiction | Footprints International School Library Network Toul Kork Campus | Footprints International School Library Network Toul Kork Campus | TTP Secondary Fiction Bookshelves | 01/09/2024 | DON 822.33 | FIS05421 | 01/09/2024 | 1 | 01/09/2024 | Books | |||||
| Dewey Decimal Classification | Fiction | Footprints International School Library Network Toul Kork Campus | Footprints International School Library Network Toul Kork Campus | TTP Secondary Fiction Bookshelves | 01/09/2024 | DON 822.33 | FISSE00010 | 01/10/2024 | 2 | 01/09/2024 | Books |
